Normal view
MARC view
- Landaverde, Felipe de Jesús
Entry Nombre Personal
001 - NUMERO DE CONTROL
- campo de control: 44882
003 - IDENTIFICADOR DE NUMERO DE CONTROL
- campo de control: DLC
005 - FECHA Y HORA DE LA ÜLTIMA TRANSACCIÓN
- campo de control: 20220615081731.0
008 - DATOS DE LONGITUD FIJA
- campo de control de longitud fija: 120823n| acannaabn |n aaa d
010 ## - NÚMERO DE CONTROL DE LA BIBLIOTECA DEL CONGRESO
- Número de control LC: ns2012003890
035 ## - NUMERO DE CONTROL
- Número de control: (CaEvSKY)skya10000930
040 ## - FUENTE DE CATALOGACIÓN
- Agencia original de catalogación: MX-SnUAN
- Lenguaje de catalogación: spa
- Agencia de transcripción: MX-SnUAN
- Agencia que lo modifica: MX-MxUPN
100 1# - ENCABEZAMIENTO - NOMBRE PERSONAL
- Nombre personal: Landaverde, Felipe de Jesús
670 ## - FUENTE EN LA QUE SE LOCALIZARON DATOS
- Cita de la fuente: Curso de geometría para secundaria y preparatoria, 1955:
- Información localizada: portada (Felipe de Jesús Landaverde; maestro en ciencias matemáticas, socio del Instituto de Física de la Ciudad de México)
902 ## - CATALOGADOR
- Catalogador: VRC/150622
